Marcatori della Spagna agli Europei - Germania 2024 - Statistics

Statistiche generali
  • Questo quiz è stato fatto 15 volte
    11 dall'ultimo reset
  • Il punteggio medio è 8 su 14
Statistiche sulle risposte
Partita Minuto Marcatore % Corretto
Spagna - Croazia 3-0 29' Álvaro Morata
91%
Spagna - Francia 2-1 21' Lamine Yamal
91%
Spagna - Croazia 3-0 45+2' Daniel Carvajal
82%
Spagna - Germania 2-1 119' Mikel Merino
82%
Spagna - Georgia 4-1 39' Rodri
82%
Spagna - Inghilterra 2-1 86' Mikel Oyarzabal
64%
Spagna - Georgia 4-1 83' Dani Olmo
55%
Spagna - Germania 2-1 (d.t.s.) 51' Dani Olmo
55%
Spagna - Francia 2-1 25' Dani Olmo
55%
Spagna - Croazia 3-0 32' Fabián Ruiz
45%
Spagna - Georgia 4-1 51' Fabián Ruiz
45%
Albania - Spagna 0-1 13' Ferrán Torres
36%
Spagna - Georgia 4-1 75' Nico Wiliams
18%
Spagna - Inghilterra 2-1 47' Nico Wiliams
18%
Nessun quiz corrispondente trovato
Distribuzione punteggi
Percentuale di utenti per punteggio
Percentile per numero di risposta
I tuoi punteggi nel tempo
Non hai fatto questo quiz dall'ultimo reset